Culture Générale - Série 2391 - Statistiques

Statistiques générales
  • Ce quiz a été pris 102 fois
  • Le résultat moyen est 4 sur 10
Statistiques - réponses
Question Réponse % Correct
Étude des techniques de fabrication et de conservation des vins. oenologie
77%
Dans un triangle rectangle, c'est le côté opposé à l'angle droit hypoténuse
69%
Dans le conte "Blanche Neige et les sept nains", comment s'appelle le nain qui ne parle pas ? Simplet
66%
Quel est le prénom du réalisateur de "La haine" en 1995 ? voir photo Mathieu
47%
Quelle est la 7° plus grande île du monde et qui appartient à l'Indonésie ? Sumatra
46%
Vase sacré dans lequel est consacré le vin lors de la messe. calice
40%
Dans "les Lettres de mon moulin" d'Alphonse Daudet, comment s'appelle la petite chèvre de Monsieur Seguin ? Blanquette
32%
A quel "métier" est associée "Irma la douce" dans le film du même nom de Billy Wilder de 1963 ? prostituée
26%
En 1838, le clerc de notaire Hulter est envoyé en Transylvanie chez le comte Orlock, le vampire ... Nosferatu
11%
Attribut, privilège, exclusivité, prérogative - 7 lettres commençant par " a " apanage
8%
Aucun quiz correspondant
Distribution des résultats
% des personnes avec chaque résultat
Percentile par nombre de réponses
Votre historique - résultats
Vous n’avez pas pris ce quiz